00539 2200193 4500001002100000008004100021035001900062245008000081100001800161250001000179260003700189300003100226020002100257084001500278082000900293650000900302990001700311990001700328INLIS000000000016431 Ind $a 0010-0525000094$a Tumblerku selalu kubawa "My tumbler is alwaysin my hand" / $c Nailah Hamidah$a Nailah Hamidah$a Cet. 1$a Jakarta Timur: $b Luxima $c 2024 $a iii, 21 hlm. ; $c 19x19 cm.$a 978-602-268-610-1$a 741.5 Nai t$a 741.5$a KOMIK$a 35383/BT/2024$a 35384/BT/2024